[Event "Titled Tuesday intern op 06th July"]
[Site "Chess.com INT"]
[Date "2021.07.06"]
[Round "4"]
[White "Maxutov, Sergei"]
[Black "Li, Hui"]
[Result "1/2-1/2"]
[WhiteElo "2131"]
[BlackElo "2001"]
[PlyCount "36"]
[EventDate "2021.07.06"]
[EventType "swiss (blitz)"]
[EventRounds "11"]
[EventCountry "USA"]
[SourceTitle "EXT 2022"]
[Source "ChessBase"]
[SourceDate "2021.10.06"]
[SourceVersion "1"]
[SourceVersionDate "2021.10.06"]
[SourceQuality "1"]

1. e4 e5 2. Nf3 Nf6 3. Nxe5 d6 4. Nf3 Nxe4 5. Nc3 Nxc3 6. dxc3 Be7 7. Bf4 Nc6 8. Qd2 Be6 9. Nd4 Nxd4 10. cxd4 d5 11. Bd3 Qd7 12. 0-0 0-0 13. Rfe1 Bf6 14. c3 c6 15. Bg5 Qd8 16. Bf4 Qd7 17. Bg5 Qd8 18. Bf4 Qd7 1/2-1/2

[Event "Titled Tuesday intern op 22nd June"]
[Site "Chess.com INT"]
[Date "2021.06.22"]
[Round "8"]
[White "Sailer, Mike L"]
[Black "Maxutov, Sergei"]
[Result "1/2-1/2"]
[WhiteElo "2109"]
[BlackElo "2131"]
[PlyCount "82"]
[EventDate "2021.06.22"]
[EventType "swiss (blitz)"]
[EventRounds "11"]
[EventCountry "USA"]
[SourceTitle "CBM 203 Extra"]
[Source "ChessBase"]
[SourceDate "2021.09.30"]
[SourceVersion "1"]
[SourceVersionDate "2021.09.30"]
[SourceQuality "1"]

1. d4 Nf6 2. Nf3 d5 3. Bf4 h6 4. e3 Bf5 5. Be2 c6 6. h3 Nbd7 7. c4 e6 8. Nc3 Bb4 9. 0-0 0-0 10. Qb3 Bxc3 11. bxc3 b6 12. a4 Re8 13. a5 Ne4 14. Ra2 dxc4 15. Qxc4 Rc8 16. axb6 axb6 17. Ra7 c5 18. Qb3 cxd4 19. cxd4 Nc3 20. Bc4 b5 21. Qxc3 bxc4 22. Rfa1 Nf6 23. Nd2 Ne4 24. Nxe4 Bxe4 25. f3 Bd3 26. Rb7 Re7 27. Raa7 Rxb7 28. Rxb7 Ra8 29. Qb4 Rc8 30. Kh2 c3 31. e4 c2 32. Bc1 Be2 33. Rb5 Rc4 34. Qb3 Qxd4 35. Rb8+ Kh7 36. Rb6 Bxf3 37. gxf3 Qf2+ 38. Kh1 Qf1+ 39. Kh2 Qf2+ 40. Kh1 Qf1+ 41. Kh2 Qf2+ 1/2-1/2

[Event "Titled Tuesday intern op 04th May"]
[Site "Chess.com INT"]
[Date "2021.05.04"]
[Round "2"]
[White "Maxutov, Sergei"]
[Black "Kakabayaev, Mergen"]
[Result "0-1"]
[WhiteElo "2131"]
[BlackElo "2285"]
[PlyCount "52"]
[EventDate "2021.05.04"]
[EventType "swiss (blitz)"]
[EventRounds "11"]
[EventCountry "USA"]
[SourceTitle "CBM 202 Extra"]
[Source "ChessBase"]
[SourceDate "2021.07.31"]
[SourceVersion "1"]
[SourceVersionDate "2021.07.31"]
[SourceQuality "1"]

1. e4 e5 2. Nf3 Nc6 3. Bb5 a6 4. Ba4 Nf6 5. 0-0 Be7 6. Re1 b5 7. Bb3 d6 8. a4 Na5 9. axb5 Nxb3 10. cxb3 0-0 11. Nc3 Bb7 12. bxa6 Rxa6 13. Rxa6 Bxa6 14. d4 exd4 15. Nxd4 Qa8 16. Nf5 Bd8 17. Qf3 Bb7 18. Qg3 g6 19. Nh6+ Kg7 20. Nf5+ Kh8 21. Bh6 Re8 22. Bg7+ Kg8 23. Bxf6 Bxf6 24. Ne3 Bxe4 25. Ned5 Bxd5 26. Rxe8+ Qxe8 0-1

[Event "Titled Tuesday intern op 06th Oct"]
[Site "Chess.com INT"]
[Date "2020.10.06"]
[Round "6"]
[White "Daianu, Cristian Clement"]
[Black "Maxutov, Sergei"]
[Result "1/2-1/2"]
[WhiteElo "2224"]
[BlackElo "2131"]
[PlyCount "53"]
[EventDate "2020.10.06"]
[EventType "swiss (blitz)"]
[EventRounds "10"]
[EventCountry "USA"]
[SourceTitle "CBM 198 Extra"]
[Source "ChessBase"]
[SourceDate "2020.11.30"]
[SourceVersion "1"]
[SourceVersionDate "2020.11.30"]
[SourceQuality "1"]

1. e4 c5 2. Nf3 Nc6 3. d4 cxd4 4. Nxd4 g6 5. Nc3 Bg7 6. Be3 Nf6 7. Be2 0-0 8. Nb3 d6 9. 0-0 Be6 10. f4 Qc8 11. Kh1 Rd8 12. Qe1 Nb4 13. Rc1 a5 14. Qh4 a4 15. Nd4 Nxa2 16. Nxa2 Bxa2 17. b3 Nxe4 18. f5 Qc3 19. fxg6 fxg6 20. Ne6 Qxe3 21. Qxe7 Ng3+ 22. hxg3 Qh6+ 23. Kg1 Qe3+ 24. Kh2 Qh6+ 25. Kg1 Qe3+ 26. Kh2 Qh6+ 27. Kg1 1/2-1/2

[Event "Titled Tuesday intern op 06th Oct"]
[Site "Chess.com INT"]
[Date "2020.10.06"]
[Round "1"]
[White "Ghimpu, Samuel Timotei"]
[Black "Maxutov, Sergei"]
[Result "1-0"]
[WhiteElo "2302"]
[BlackElo "2131"]
[PlyCount "89"]
[EventDate "2020.10.06"]
[EventType "swiss (blitz)"]
[EventRounds "10"]
[EventCountry "USA"]
[SourceTitle "CBM 198 Extra"]
[Source "ChessBase"]
[SourceDate "2020.11.30"]
[SourceVersion "1"]
[SourceVersionDate "2020.11.30"]
[SourceQuality "1"]

1. d4 Nf6 2. c4 e6 3. Nc3 Bb4 4. Qc2 d5 5. cxd5 Qxd5 6. Nf3 Qf5 7. Qxf5 exf5 8. a3 Be7 9. Bf4 c6 10. e3 Be6 11. h3 Nbd7 12. Bd3 g6 13. 0-0 Nd5 14. Bh2 0-0 15. Rfc1 Rfe8 16. Na4 N5b6 17. Nc5 Nxc5 18. dxc5 Nd5 19. b4 a6 20. Nd4 Bd7 21. Rab1 Bf6 22. Nb3 Nc3 23. Rb2 Nb5 24. Ra2 Nc3 25. Rd2 Be6 26. Na5 Bc8 27. Bc4 Ne4 28. Rd3 Bd8 29. Nb3 Be6 30. Bxe6 fxe6 31. f3 Nf6 32. Be5 Nd5 33. e4 Bf6 34. Bg3 fxe4 35. fxe4 Ne7 36. Rd7 Rad8 37. Rcd1 Rxd7 38. Rxd7 Kf7 39. Rxb7 Rd8 40. Bd6 Ke8 41. e5 Bh4 42. Nd4 Nd5 43. Nxe6 Rd7 44. Ng7+ Rxg7 45. Rxg7 1-0

[Event "Titled Tuesday intern op 06th Oct"]
[Site "Chess.com INT"]
[Date "2020.10.06"]
[Round "5"]
[White "Maxutov, Sergei"]
[Black "Perera Alfonso, Rene Humberto"]
[Result "0-1"]
[WhiteElo "2131"]
[BlackElo "2354"]
[PlyCount "88"]
[EventDate "2020.10.06"]
[EventType "swiss (blitz)"]
[EventRounds "10"]
[EventCountry "USA"]
[SourceTitle "CBM 198 Extra"]
[Source "ChessBase"]
[SourceDate "2020.11.30"]
[SourceVersion "1"]
[SourceVersionDate "2020.11.30"]
[SourceQuality "1"]

1. e4 d5 2. exd5 Nf6 3. Bb5+ Nbd7 4. Nc3 g6 5. d4 Bg7 6. Be3 0-0 7. h3 Nb6 8. Be2 Nfxd5 9. Nxd5 Nxd5 10. Nf3 c5 11. 0-0 Nxe3 12. fxe3 Bh6 13. Qd2 cxd4 14. Qxd4 Bf5 15. c4 Bg7 16. Qxd8 Rfxd8 17. g4 Bd3 18. Bxd3 Rxd3 19. Rad1 Rad8 20. Rxd3 Rxd3 21. b3 Rxe3 22. Kf2 Rc3 23. Re1 e6 24. Re2 Bf8 25. Rd2 a5 26. Ng5 h6 27. Ne4 Rxh3 28. Rd7 Bb4 29. Kg2 Re3 30. Nf6+ Kg7 31. Ne8+ Kf8 32. Nf6 Bc3 33. g5 hxg5 34. Nh7+ Ke8 35. Rxb7 g4 36. Ng5 Be5 37. Nxf7 Bf4 38. Nh8 Re2+ 39. Kf1 Rxa2 40. Nxg6 Bd6 41. Rb6 Kd7 42. Rb7+ Kc6 43. Ra7 g3 44. Nf8 g2+ 0-1

[Event "Titled Tuesday intern op 14th July"]
[Site "Chess.com INT"]
[Date "2020.07.14"]
[Round "2"]
[White "Maxutov, Sergei"]
[Black "Evchin, Maxim"]
[Result "0-1"]
[WhiteElo "2131"]
[BlackElo "2310"]
[PlyCount "118"]
[EventDate "2020.07.14"]
[EventType "swiss (blitz)"]
[EventRounds "10"]
[EventCountry "USA"]
[SourceTitle "CBM 197 Extra"]
[Source "ChessBase"]
[SourceDate "2020.09.30"]
[SourceVersion "1"]
[SourceVersionDate "2020.09.30"]
[SourceQuality "1"]

1. e4 c5 2. Nf3 d6 3. d4 cxd4 4. Nxd4 Nf6 5. Nc3 a6 6. Be3 e5 7. Nf3 Qc7 8. h3 h6 9. Nd2 Be6 10. Be2 b5 11. a3 Be7 12. 0-0 0-0 13. Bf3 Nbd7 14. Nd5 Nxd5 15. exd5 Bf5 16. c3 Bh7 17. Re1 f5 18. Nf1 e4 19. Bh5 f4 20. Bd4 Bf6 21. Bg4 Ne5 22. Be6+ Kh8 23. Nh2 Nd3 24. Bxf6 Rxf6 25. Ng4 Rff8 26. Rf1 Nxb2 27. Qd4 Qc5 28. Qxc5 dxc5 29. Ne5 Bf5 30. Nd7 Bxe6 31. dxe6 Rfc8 32. Rfe1 Rc6 33. Rxe4 Re8 34. Rae1 Nd3 35. Ne5 Nxe5 36. Rxe5 Kg8 37. g3 fxg3 38. fxg3 Re7 39. Kg2 a5 40. Kf3 b4 41. Kf4 b3 42. c4 a4 43. R1e2 Rb6 44. Rb2 Rbxe6 45. Rxc5 Re4+ 46. Kf5 Re3 47. Ra5 Rf3+ 48. Kg4 Rc3 49. Rxa4 Re4+ 50. Kf5 Rd4 51. Rb4 Rxg3 52. R2xb3 Rg5+ 53. Ke6 Rf4 54. Kd7 Re5 55. Rb8+ Kh7 56. R3b6 Rxc4 57. Rf8 Rd4+ 58. Kc7 Rc5+ 59. Rc6 Rdc4 0-1

[Event "Zaporozhye Ermak Cup 6th"]
[Site "Zaporozhye"]
[Date "2010.06.24"]
[Round "3"]
[White "Maxutov, Sergei"]
[Black "Andrenko, Irina"]
[Result "0-1"]
[WhiteElo "2223"]
[BlackElo "2149"]
[PlyCount "60"]
[EventDate "2010.06.23"]
[EventType "swiss"]
[EventRounds "9"]
[EventCountry "UKR"]
[SourceTitle "CBM 137 Extra"]
[Source "ChessBase"]
[SourceDate "2010.09.01"]
[SourceVersion "1"]
[SourceVersionDate "2010.09.01"]
[SourceQuality "1"]

1. e4 g6 2. d4 Bg7 3. f4 c5 4. dxc5 Qa5+ 5. Bd2 Qxc5 6. Nc3 d6 7. Qe2 Nf6 8. Qb5+ Nbd7 9. Nf3 0-0 10. Bd3 Qxb5 11. Bxb5 Nc5 12. Bd3 b6 13. b4 Nfxe4 14. bxc5 Nxc3 15. cxd6 exd6 16. 0-0 Bb7 17. Rac1 Rfe8 18. f5 Ne4 19. fxg6 hxg6 20. Bf4 d5 21. a4 Bc3 22. Rb1 Rac8 23. h4 Bc6 24. Bb5 Bg7 25. Ng5 Bxb5 26. axb5 Nc3 27. Rb4 Ne2+ 28. Kh1 Rxc2 29. Bd6 Bf8 30. Nxf7 Bxd6 0-1